000 00435nam a2200157Ia 4500
008 210719s1967 xx 000 0 und d
041 _aeng
082 _a823.008 REAB
100 _aREADER'S DIGEST
245 _aBest loved books.
260 _aN Y
_bReaders Digest Association
_c1967
300 _a575
_bHB
365 _cRs
650 _aEnglish Fiction
906 _aLittle Women Tales of Poe Mutiny on the Bounty Messer Marco Polo
999 _c213178
_d213178